Statistics for Books by Letters Q and X

Click here to take the quiz!

General Stats

  • This quiz has been taken 17 times
  • The average score is 3 of 8

Answer Stats

HintBook% Correct
The novel is set in Europe during the 16th century, and deals with Protestant reformation movements.Q
100%
The central religious text of Islam, which Muslims believe to be a revelation from God (Allah).Quran
100%
A short story from Ian Flemming's "For Your Eyes Only".Quantum of Solace
44%
The novel tells of a love that develops between a young Christian woman, Lygia and Marcus Vinicius, a Roman patrician.Quo Vadis
25%
The story of a veteran English journalist, a young American, and a beautiful Vietnamese woman caught between them.The Quiet American
13%
A sequel to Ender's Game and Speaker for the Dead, it follows Ender Wiggin on the planet Lusitania as he tries to find a way for different species to coexist.Xenocide
6%
Tetells the Biblical story of Christ's forty days in the desert.Quarantine
0%
A war story of a Frenchwoman who saves her fiance's home and family by giving herself to a German officer.Xingu
0%

Score Distribution

Percentile by Number Answered

Percent of People with Each Score

Your Score History

You have not taken this quiz